Geografía de américa /

Guardado en:
Autor Principal: Echeverría, María Julia
Otros Autores: Capuz, Silvia María
Formato: Libro
Publicado: Buenos Aires : A-z, 2008
Series:Serie Plata
Materias:
Etiquetas: Agregar Etiqueta
Sin Etiquetas, Sea el primero en etiquetar este registro!
LEADER 00989nam a22002295a 4500
001 CEM.cems013115
005 20090508123448.0
008 130507s2008##################000#0#####d
003 CEMS
020 |a 9789505349074 
082 0 4 |a Z918 
100 1 |a Echeverría, María Julia 
245 1 0 |a Geografía de américa /  |c María Julia Echeverría, Silvia María Capuz 
260 |a Buenos Aires :  |b A-z,  |c 2008 
300 |a 336 p. 
490 0 |a Serie Plata 
505 0 |a América y la representación del espacio -- Las condiciones físico-culturales de América -- La relación entre la sociedad y la naturaleza -- Población y calidad de vida en América -- Los espacios urbanos y rurales de América -- Las actividades económicas en América -- Las relaciones entre los Estados 
653 |a Geografía 
653 |a Geografía de américa 
653 |a Geografía-educación secundaria básica 
700 1 |a Capuz, Silvia María 
859 |a CEMS  |b BIB. CEMS - 11 de abril  |h Z918  |i Ech42  |p 25566.09  |t Ej.1